[Event "Pokal 2022"]
[Site "Turnierstufe"]
[Date "2022.05.05"]
[Round "Runde 1"]
[White "Sapphire II"]
[Black "Ruby"]
[Result "1-0"]
[BlackElo "1949"]
[WhiteElo "2138"]

1.c4 c5 2.Nc3 Nc6 3.g3 g6 4.Bg2 Bg7 5.Nf3 e5 6.O-O Nge7 7.d3 O-O 8.a3 d6
9.Rb1 a5 { Buchende. } 10.Bd2 { Buchende. } 10...f5 11.Qa4 Bd7 12.Nb5 Na7
13.Qc2 Nxb5 14.cxb5 Kh8 15.Qc4 Qb6 16.Ng5 h6 17.Nf7+ Kh7 18.Bxh6 $5 Bxh6
19.Nxh6 e4 20.Nf7 d5 21.Ng5+ Kg8 22.Qc3 Bxb5 23.Rbc1 Rac8 24.Rfe1 Qa6 $2
25.dxe4 fxe4 26.Bh3 Nf5 27.Qe5 Bc4 28.Ne6 Rf7 29.b3 Bxe2 30.Ng5 Rfc7 31.Qxd5+
Kh8 32.Ne6 Rh7 33.Nxc5 Rxc5 34.Qd8+ Kg7 35.Rxc5 Rxh3 36.Rc7+ { (+6.34) }
36...Kh6 37.Qh8+ Kg5 38.Qxh3 a4 39.Rc5 Bh5 { und Aufgabe. } 1-0

[Event "Pokal 2022"]
[Site "Turnierstufe"]
[Date "2022.05.07"]
[Round "Runde 1"]
[White "Super VIP"]
[Black "Designer 2325"]
[Result "1-0"]
[BlackElo "2124"]
[WhiteElo "1766"]

1.d4 Nf6 2.c4 e6 3.Nc3 Bb4 4.Nf3 b6 { Buchende. } 5.Bg5 { Buchende. } 5...Bb7
6.Qb3 Na6 7.Ne5 Qe7 8.a3 Bxc3+ 9.bxc3 h6 10.Bh4 g5 11.Bg3 Ne4 12.e3 Nxg3
13.hxg3 O-O-O 14.c5 $1 Qf6 15.Bxa6 Bxa6 16.Qa4
{ (+1.13) Super VIP steht bereits auf Gewinn. } 16...Bb7 { (-1.53) } 17.Qxa7
{ Der Favorit rechnet nun 22 Minuten und spielt } 17...Qe7 { (-2.12) }
18.cxb6
{ Nicht die beste Fortsetzung. 18.Sc4 oder 18.Tb1 waren angesagt. Die
Rechenkraft reicht leider nicht, ansonsten wäre das Spiel schnell zu Ende.
} 18...d6 19.Nc4 Rd7 20.bxc7 Rxc7 21.Nb6+ Kd8 22.c4 Ke8 23.O-O Kf8 24.Qa5 h5
25.f4 Rg8 26.Ra2 gxf4 27.gxf4 Qh4 28.Rff2 Be4 29.Rab2 Rg3 30.Qb4 Ke7 31.Qa5
Kf8 32.Qd2 Rg8 33.Qb4 Ke7 34.Qa5 Kf8 35.c5 dxc5 36.Na4 Rc8 37.Nxc5 Bc6 38.e4
Bxe4 39.Qb4 Bd5 40.Nxe6+ Ke8 41.Qb5+ Ke7 42.Qxd5 Rc1+ 43.Rf1 Rxf1+ 44.Kxf1
Qh1+ 45.Kf2 Qh4+ 46.Ke2 Qg4+ 47.Kf1 fxe6 48.Rb7+ Kf6 49.Qe5+ Kg6 50.Re7 Qd1+
51.Kf2 Qd2+ 52.Kg1 Qd1+ { (-7.37) } 53.Kh2 Qg4 54.g3 Kh6 55.Rxe6+ Kh7 56.Re7+
Rg7 57.Rxg7+ Qxg7 58.Qxh5+ Kg8 59.Qd5+ Kh7 60.a4 Qg6 61.a5 Qa6 62.g4 Kg7
63.Qe5+ Kg8 64.f5 Qh6+ 65.Kg3 Qh1 66.a6 Qg1+ 67.Kh4 Qa1 68.f6 Qh1+ 69.Kg5
Qc1+ 70.Kg6 Qc2+ 71.Qf5 Qc4 72.f7+ Kf8 73.Qc5+ Qxc5 74.dxc5 Ke7 75.a7 Ke6
76.f8=Q Kd5 77.a8=Q+ { Mattankündigung. } 77...Kc4 78.Qa4+ Kc3 79.Qf3+ Kb2
80.Qab3+ Ka1 81.Qa8# { Bravo, kleiner Super VIP. } 1-0

[Event "Pokal 2022"]
[Site "Turnierstufe"]
[Date "2022.05.08"]
[Round "Runde 1"]
[White "Genius Pro"]
[Black "Star Sapphire"]
[Result "1-0"]
[BlackElo "2149"]
[WhiteElo "2290"]

1.e4 c5 2.c3 Nf6 3.e5 Nd5 4.d4 cxd4 5.cxd4 d6 6.Nf3 Nc6 7.Bc4 e6 8.O-O Be7
9.Qe2 O-O 10.Nc3 Nxc3 11.bxc3 dxe5 12.dxe5 { Buchende. } 12...Qc7
{ Buchende. } 13.Qe4 g6 14.Bh6 Rd8 15.Rfd1 Bd7 16.Qe3 Na5 17.Be2 Ba4 18.Rxd8+
Rxd8 19.Bg5 Bxg5 20.Nxg5 b5 21.Qh3 h5 22.Qg3 Nc6 23.Nxe6 $1 fxe6 24.Qxg6+ Kf8
{ (0.00) } 25.Bxh5 { (+0.87) } 25...Qd7 26.Rf1 a5 { (-0.53) } 27.Re1
{ (+1.18) } 27...b4 28.h3 Qg7 29.Qxe6 { (+2.12) } 29...Qe7 { (-1.73) }
30.Qf5+ Kg7 31.cxb4 axb4 32.Qg6+ Kh8 33.e6 Qf8 34.Qg5 Ne7 35.Bf7 Bc2 36.Qf6+
Kh7 37.Re5 Rd1+ 38.Kh2 Qb8 { und Aufgabe. } 1-0

[Event "Pokal 2022"]
[Site "Turnierstufe"]
[Date "2022.05.13"]
[Round "Runde 1"]
[White "Citrine"]
[Black "Academy"]
[Result "1-0"]
[BlackElo "1977"]
[WhiteElo "2038"]

1.e4 c6 2.d4 d5 3.exd5 cxd5 4.c4 Nf6 5.Nc3 e6 6.Nf3 Be7 { Buchende. } 7.cxd5
Nxd5 8.Bd3 Nc6 9.O-O { Buchende. } 9...b6 10.Nxd5 Qxd5 11.Re1 Bb7 12.Bf4 Rd8
{ Academy sollte rochieren. } 13.Be4 Qd7 14.Rc1 f6 15.Qb3 Na5 16.Qd3 e5
17.Bd2 Qa4 18.Rc7 Bxe4 19.Qxe4 Rd7 $2
{ Schwarz hat bereits eine sehr schlechte Stellung, doch mit diesem Zug ist
die Partie endgültig verloren. } 20.Rc8+ Rd8 21.Rxd8+ Bxd8 22.Nxe5 $1
{ Das war's für Mephisto. } 22...Rf8 23.Nc4+ Kd7 24.Qe6+ Kc7 { und Aufgabe. }
25.Bf4+ Kb7 26.Nd6+ { Mattankündigung. } 26...Kc6 27.Rc1+ Nc4 28.d5+ Kc5
29.Qe3+ Kb4 30.Rxc4+ Ka5 31.Rxa4+ Kxa4 32.Qa3# 1-0

[Event "Pokal 2022"]
[Site "Turnierstufe"]
[Date "2022.05.13"]
[Round "Runde 1"]
[White "Advanced Travel Chess"]
[Black "Kishon Chesster"]
[Result "1-0"]
[BlackElo "1868"]
[WhiteElo "1973"]

1.d4 Nf6 2.Nf3 g6 3.c4 Bg7 4.g3 O-O 5.Bg2 d6 { Buchende. } 6.O-O
{ Buchende. } 6...c5 7.b3 Nc6 8.Bb2 cxd4 9.Nxd4 Bd7 10.Nc3 Ng4 11.Nf3 Qa5
12.Qd2 Bh6 13.Qd5 Bg7 14.Qxa5 Nxa5 15.Rfd1 Rac8 16.Rac1 Nc6 17.c5 Nb4 18.cxd6
exd6 19.Rxd6 Bxc3 20.Rxc3 Rxc3 21.Bxc3 Nxa2 22.Bb2 Bc6 23.h3 Nh6 24.Nd4 Bxg2
25.Kxg2 f5 26.Rd7 Rf7 27.Rd5 Nb4 28.Rd8+ Rf8 29.Rxf8+ Kxf8 30.Ba3 a5 31.Nc2
Ke8 32.Nxb4 axb4 33.Bxb4 Ng8 34.Bc3 Kf7 35.f4 Nf6 36.Bxf6 $1 Kxf6 37.Kf3 Ke6
38.e4 fxe4+ 39.Kxe4 h5 40.g4 hxg4 41.hxg4 Kf6 42.Kd5 g5 43.f5 Ke7 44.Ke5 Kf7
45.f6 Kf8 46.Kf5 Kg8 47.Kxg5 Kh7 48.b4 { (+8.5) } 1-0

[Event "Pokal 2022"]
[Site "Turnierstufe"]
[Date "2022.05.14"]
[Round "Runde 1"]
[White "Turbo King II EGR"]
[Black "Travel Champion 2100"]
[Result "0-1"]
[BlackElo "2027"]
[WhiteElo "1937"]

1.d4 f5 2.c4 e6 3.g3 Nf6 { Buchende. } 4.Bg2 { Buchende. } 4...Bb4+ 5.Bd2
Bxd2+ 6.Nxd2 O-O 7.Ngf3 d6 8.O-O Nbd7 9.Ng5 Re8 10.Qb3 c5 11.e3 Rb8 12.Qa3 a5
13.Nb3 b6 14.Rfe1 Bb7 15.Nf3 e5 16.Nh4 Bxg2 17.Kxg2 g6 18.d5 b5 19.Nd2 bxc4
20.Nxc4 Nb6 21.b3 Nfxd5 22.Nxa5 $2 { (+00.07) Autsch! } 22...Ra8 { (+1.0) }
23.e4 fxe4 24.Rad1 Nb4 25.Rxe4 Nc8 26.Qb2 Qxa5 27.a4 Re7 28.Nf3 Rea7 29.Kh1
Qc7 30.Re3 Ne7 31.Re4 Nec6 32.Rc4 Na5 33.Re4 Qc6 34.Re3 e4 35.Ng5 Nd3 36.Qe2
d5 37.f3 Nxb3 38.fxe4 dxe4 39.Nxe4 c4 40.Qc2 Rxa4 41.Kg1 Qb6 42.Nf6+ Qxf6
{ (+7.4) } 0-1

[Event "Pokal 2022"]
[Site "Turnierstufe"]
[Date "2022.05.15"]
[Round "Runde 1"]
[White "Super Mondial II"]
[Black "GK 2000"]
[Result "1-0"]
[BlackElo "1950"]
[WhiteElo "1951"]

1.e4 e6 2.d4 d5 3.Nd2 c5 4.exd5 exd5 5.Ngf3 { Buchende. } 5...Nc6
{ Buchende. } 6.dxc5 Bxc5 7.Nb3 Bb6 8.Bg5 Nf6 9.Bd3 Qe7+ 10.Qe2 Qxe2+ 11.Bxe2
Ne4 12.Bh4 O-O 13.O-O Re8 14.Rfe1 Bg4 15.c3 Bd8 16.Bxd8 Raxd8 17.Nfd4 Bxe2
18.Rxe2 h6 19.Rae1 Kf8 20.g3 Nxd4 21.Nxd4 a6 22.Kg2 Nc5 23.Nf5 Rxe2 24.Rxe2
Ne4 25.f4 Nd6 26.Nxd6 Rxd6 27.Kf3 g6 28.g4 b6 29.h4 f6 30.a4 Kf7 31.Rd2 Ke6
32.h5 gxh5 33.f5+ Kd7 { Jetzt beginnt der GK 2000 Fehler zu machen. } 34.gxh5
Ke7 35.Ke3 Rd7 36.Kd4 Kd6 37.Re2 Kc7 38.Rg2 { 38. Te6! } 38...Re7 39.Rg6 Re4+
40.Kxd5 Re5+ 41.Kd4 Rxf5 42.Rxh6 Rf2 43.b4 f5 44.a5 bxa5 45.bxa5 f4 46.Rxa6
Rh2 47.h6 f3 48.Ke3 f2 49.Ke2 Kc8 50.c4 Kc7 51.Re6 Rh5 52.a6 Rf5 53.Kf1 Rf7
54.Rg6 Rf5 55.h7 Rh5 56.Rg7+ Kb8 57.c5 Rh6 58.c6 Rh1+ 59.Kxf2 Rh2+ 60.Kg1 Rh4
61.a7+ Ka8 62.c7 Rg4+ 63.Rxg4 Kxa7 64.c8=Q { Mattankündigung. } 64...Kb6
65.Rb4+ Ka5 66.Qc5+ Ka6 67.Qb6# 1-0

[Event "Pokal 2022"]
[Site "Turnierstufe"]
[Date "2022.05.16"]
[Round "Runde 1"]
[White "Explorer Pro "]
[Black "Mach III 20 MHz"]
[Result "1-0"]
[BlackElo "2049"]
[WhiteElo "2025"]

1.d4 Nf6 { Buchende. } 2.Nc3 d5 3.Bg5 { Wieder aus dem Buch: } 3...Nbd7 4.Nf3
{ Buchende. } 4...g6 5.e3 Bg7 6.Bd3 O-O { Erneut Buchende. } 7.Qd2 b6 8.O-O-O
Bb7 9.Bb5 Ne4 10.Nxe4 dxe4 11.Ne5 Nxe5 12.dxe5 Qxd2+ 13.Rxd2 Rfd8 14.Bd7 Bxe5
15.Bxe7 Rdb8 16.h4 a6 17.h5 c5 18.hxg6 hxg6 19.Rhd1 c4 20.Bd6 Bxd6 21.Rxd6 b5
22.Kd2 Kg7 23.Kc3 Rh8 24.a4 Rh2 25.axb5 Rxg2 26.R1d2 g5 27.R6d4 axb5 28.Bxb5
Ba6 29.Bc6 Rb8 30.Bxe4 Rh2 31.Bd5 Rh4 32.Rxh4 gxh4 33.Rd4 h3 34.Rg4+ Kf6
35.Rh4 Bc8 36.Rf4+ Kg5 37.Rxf7 Ba6 38.Rh7 Kg4 39.Rc7 Rh8 40.Rc6 Bb5 41.Rg6+
Kh4 42.Rd6 h2 43.Bg2 Rf8 44.Rh6+ Kg5 45.Rxh2 Rxf2 46.Rh8 Re2 47.Bd5
{ 48. Th5+! } 47...Rxe3+ 48.Kb4 c3 $2 49.Kxb5 cxb2 50.Rh1 Re8 51.Bb3 Kf4
52.Kb4 Ke3 53.Kc3 Rh8 54.Rb1 Rh2 55.Rd1 Ke2 56.Rd2+ Ke3 57.Rd3+ Kf2 58.Kxb2
Ke2 59.Kc3 Rh4 60.Bd5 Rf4 61.Rh3 Ra4 62.Rh7 Kd1 63.Bf3+ Ke1 64.Kd3 Ra5 65.Be4
Ra3+ 66.c3 Kf2 67.Rg7 Ra1 68.Rg2+ Kf1 69.Rh2 Ra3 70.Rc2 Ke1 71.Bf3 Ra1 72.Ke3
Kf1 73.Bg2+ Kg1 74.c4 Ra3+ 75.Kf4 Ra4 76.Be4 Ra7 77.c5 Rf7+ 78.Ke3 Ra7 79.c6
Ra3+ 80.Kf4 Ra8 81.c7 Rc8 82.Ke3 Re8 83.Rg2+ Kf1 84.Rg4 Rxe4+ 85.Rxe4
{ Mattankündigung. } 85...Kg2 86.c8=Q Kg3 87.Rg4+ Kh3 88.Rg5+ Kh4 89.Qg4#
1-0

[Event "Pokal 2022"]
[Site "Turnierstufe"]
[Date "2022.05.18"]
[Round "Achtelfinale"]
[White "Super Mondial II"]
[Black "Travel Champion 2100"]
[Result "1-0"]
[BlackElo "2035"]
[WhiteElo "1961"]

1.e4 e5 2.Nf3 Nc6 3.Bb5 a6 4.Ba4 Nf6 5.d4 exd4 6.O-O Be7 7.e5 Ne4 8.Nxd4
{ Buchende. } 8...Nxd4 9.Qxd4 Nc5 { Buchende. } 10.Nc3 O-O 11.Be3 Nxa4
12.Qxa4 b5 13.Nxb5 Rb8 14.Na7 Rb4 15.Qa3 Re4 16.Qc3 Bb7 17.Rad1 Re8 18.f3 Rh4
{ Für das menschliche Auge sehen die Turmmanöver gar nicht gut aus. } 19.a3
d6 $2 20.Nc6 { Natürlich. } 20...Bxc6 21.Qxc6 Qc8 22.f4 Rd8 23.c4 Rh5 24.Qf3
g6 25.exd6 Bxd6 26.Rfe1 a5 27.Bf2 Qa8 28.Qxa8 Rxa8 29.g3 Kf8 30.Kg2 Re8
31.Rxe8+ Kxe8 32.c5 Bxc5 33.g4 { Und der Turmausflug endet nicht gut. }
33...Rxh2+ 34.Kxh2 Bxf2 35.Kg2 Bb6 36.Rh1 a4 37.Re1+ Kd7 38.Re4 h6 39.Rxa4 f5
40.gxf5 gxf5 41.Ra8 Bd4 42.b4 Bc3 43.Ra5 Bb2 44.a4 Bc3 45.Rxf5 Bxb4 46.a5 c5
47.a6 Kc7 48.Rf7+ Kb8 49.Rb7+ Ka8 50.Rc7 Ba5 51.Rxc5 Bb6 52.Rc6 Ka7 53.Rxb6
$1 { Schön. } 1-0

[Event "Pokal 2022"]
[Site "Turnierstufe"]
[Date "2022.05.20"]
[Round "Achtelfinale"]
[White "Magellan"]
[Black "Scorpio"]
[Result "1-0"]
[BlackElo "2041"]
[WhiteElo "2234"]

1.e4 e5 2.Bc4 Nf6 3.d4 exd4 4.Nf3 Nxe4 5.Qxd4 Nf6 6.Bg5 Be7 7.Nc3
{ Buchende. } 7...Nc6 { Buchende. } 8.Qf4 O-O 9.O-O-O d6 10.Rhe1 Bd7 11.Nd5
Nxd5 12.Bxd5 Rb8 13.h3 Bxg5 14.Nxg5 Ne5 15.Rxe5 $6 dxe5 16.Bxf7+ Kh8 17.Qxe5
Qf6 18.Qxf6 gxf6 19.Rxd7 fxg5 20.Rxc7 a5 21.f3 b5 22.Bd5 h5 23.Be4 h4 24.Rh7+
Kg8 25.Rh5 Kg7 26.Rxg5+ Kf6 27.Rh5 Rg8 28.Kd2 Rxg2+ 29.Ke3 Re8 30.Kf4 b4
31.Rh6+ Ke7 32.Rxh4 Re2 33.Ke5 Kf7+ 34.Kd6 Rd2+ 35.Kc5 Re5+ 36.Kc6 Re6+
37.Kb5 Re5+ 38.Ka4 Rf2 39.Rh7+ Ke6 40.Ra7 Rh5 41.Ra6+ Ke7 42.Rxa5 Rxh3
43.Kxb4 Rh4 44.Kc3 Rh3 45.Re5+ Kf6 46.Rf5+ Ke6 47.b4 Re2 48.Kc4 Rh4 49.Kb3
Rh3 50.c3 Rh1 51.a4 Ra1 52.a5 Re3 53.Rc5 Kd6 54.Kc4 Ra3 55.Kd4 Re2 56.Rc6+
Kd7 57.Rg6 Rd2+ 58.Ke5 Rda2 59.c4 Ke7 60.Rg7+ Kf8 61.Kf6 Rh2 62.Rf7+ Ke8
63.f4 Rc3 64.Bc6+ Kd8 65.Bd5 Ra3 66.Ra7 Rh6+ 67.Kf5 Rh5+ 68.Kg6 Rh4 69.f5
Rg3+ 70.Kf6 Rh6+ 71.Ke5 Re3+ 72.Kd4 Reh3 73.b5 Rb3 74.Rf7 Ke8 75.a6 Ra3 76.a7
Ra1 77.Rg7 Kf8 78.Rg8+ Ke7 79.a8=Q Rxa8 { und Aufgabe. } 1-0

[Event "Pokal 2022"]
[Site "Turnierstufe"]
[Date "2022.06.10"]
[Round "Achtelfinale"]
[White "Milano"]
[Black "Citrine"]
[Result "1/2-1/2"]
[BlackElo "2046"]
[WhiteElo "2030"]

1.e4 Nf6 2.e5 Nd5 3.d4 d6 4.Nf3 g6 { Buchende. } 5.Bc4 Nb6 6.Bb3 Bg7 7.Qe2
O-O 8.h3 Nc6 9.O-O { Buchende. } 9...Bf5 10.Rd1 dxe5 11.dxe5 Qc8 12.Nc3 Rd8
13.Rxd8+ Qxd8 14.e6 Bxe6 15.Bxe6 fxe6 16.Qxe6+ Kh8 17.Bf4 Bxc3 18.bxc3 Qd5
19.Nd4 Qxe6 20.Nxe6 Nd5 21.Nxc7 Rd8 22.Nxd5 Rxd5 23.Rb1 b6 24.Kf1 Kg7 25.Ke2
h6 26.Ke3 e5 27.Bg3 Kf6 28.a4 Rc5 29.Kd3 e4+ 30.Kd2 Rd5+ 31.Ke3 Rc5 32.Kxe4
Rxc3 33.Rd1 Rc4+ 34.Ke3 Rxc2 35.Rd6+ Kg7 36.h4 h5 37.Bf4 Kf7 38.Bg5 Rc4 39.f4
Nb8 40.Rd8 Nc6 41.Rd7+ Ke6 42.Rg7 Rxa4 43.Rxg6+ Kd5 44.Rh6 Ra2 45.Rxh5 Rxg2
46.f5 Rg3+ 47.Kf2 Rc3 48.f6 Ne5 49.Rh7 a5 50.Rb7 Kc6 51.Ra7 Rf3+ 52.Ke2 Rf5
53.Rh7 Kd6 54.Kd2 Nf3+ 55.Ke2 Nxg5 56.hxg5 Rxg5 57.Ra7 Ke6 58.Rb7 Kxf6
59.Rxb6+ Ke7 60.Kf2 Kd7 61.Rf6 Rg4 62.Rf3 Re4 63.Ra3 Re5 64.Kf3 Kc6 65.Kf4
Kd6 66.Ra1 Rb5 67.Ke3 Rd5 68.Ke4 { usw. Remis gegeben. } 1/2-1/2

[Event "Pokal 2022"]
[Site "Turnierstufe"]
[Date "2022.06.15"]
[Round "Achtelfinale"]
[White "Citrine"]
[Black "Milano"]
[Result "0-1"]
[BlackElo "2030"]
[WhiteElo "2046"]

1.d4 d5 2.c4 e6 3.Nc3 Be7 4.Nf3 Nf6 5.Bg5 O-O 6.e3 h6 7.Bh4 Ne4 8.Bxe7 Qxe7
9.cxd5 Nxc3 10.bxc3 exd5 11.Qb3 Rd8 12.c4 dxc4 13.Bxc4 Nc6 14.Be2 Rd6 15.O-O
Be6 16.Qb2 Bd5 { Buchende. } 17.Rfc1 { Buchende. } 17...Rad8 18.Rc5 b6 19.Rc3
f5 20.Bc4 Bxc4 21.Rxc4 Na5 22.Rc3 c5 23.Qa3 a6 24.Re1 c4 25.Rec1 Qc7 26.Rb1
b5 27.Qb2 Nc6 28.a4 Rd5 29.Rbc1 g6 30.Kh1 Kh8 31.Kg1 Qe7 32.axb5 axb5 33.Ra1
Kh7 34.Qc2 Nb4 35.Qc1 Nd3 36.Qd2 Rc8 37.Rca3 b4
{ Es wird eng für Weiß. Die schwarzen Freibauern sind eine Macht. } 38.Ra6
Rd6 39.R6a5 Rb6 40.Ne1 Nxe1 41.Qxe1 Rbb8 42.Qb1 Rc7 43.Ra6 Rbb7
{ Hiarcs würde 43....b3! und Weiß sollte aufgeben. Milano rechnet hier
einfach nicht tief genug. } 44.h3 b3 $1 45.R1a5 c3 46.Re5 Qxe5 47.dxe5 c2
48.Ra1 { und Aufgabe. } 0-1

[Event "Pokal 2022"]
[Site "Turnierstufe"]
[Date "2022.06.15"]
[Round "Achtelfinale"]
[White "Super Constellation"]
[Black "Risc 2500 2MB"]
[Result "0-1"]
[BlackElo "2255"]
[WhiteElo "1832"]

1.e4 Nf6 2.e5 Nd5 3.d4 d6 4.Nf3 g6 5.Bc4 Nb6 6.Bb3 Bg7 7.Ng5 e6 { Buchende. }
8.f4 { Buchende. } 8...dxe5 9.fxe5 Nc6 10.Nf3 f6 11.exf6 Bxf6 12.Be3 e5
13.Qe2 e4 14.Nfd2 Nxd4 15.Bxd4 Bxd4 16.Qxe4+ Qe7 17.Nc3 Qxe4+ 18.Ndxe4 Bf5
19.O-O-O O-O-O 20.Rhe1 c5 21.Kb1 $2 c4 22.Nb5 Bxe4 23.Rxe4 Bf6 24.Nd6+ Kc7
25.Re6 Rhf8 26.Rxf6 $2 Rxf6 27.Nb5+ Kc6 28.Nxa7+ Kc5 29.Re1 Ra8 30.Nb5 Kxb5
31.a4+ Kc5 32.Ba2 Rf2 33.h3 Rxg2 { usw. } 0-1

[Event "Pokal 2022"]
[Site "Turnierstufe"]
[Date "2022.06.16"]
[Round "Achtelfinale"]
[White "Advanced Travel Chess"]
[Black "Master Chess"]
[Result "1/2-1/2"]
[BlackElo "2134"]
[WhiteElo "1980"]

1.d4 d5 2.Nc3 Nf6 3.e4 dxe4 4.f3 Bf5 5.g4 Bg6 6.h4 { Buchende. } 6...exf3
{ Buchende. } 7.Qxf3 c6 8.h5 Bxc2 9.Qe2 Qxd4 10.Qxc2 Qxg4 11.Qh2 Nbd7 12.Be2
Qb4 13.Nf3 e6 14.Bd2 Bd6 15.Ne4 Nxe4 16.Bxb4 Bg3+ 17.Qxg3 Nxg3 18.Rh4 Nf6
19.h6 gxh6 20.Bc3 Ke7 21.Bb4+ Kd7 22.Bd3 Nd5 23.Bc5 f6 24.Kd2 b6 25.Bf2 Rag8
26.Rxh6 Rg4 27.Rg1 Nf5 28.Rxg4 Nxh6 29.Rg7+ Ne7 30.Bh4 Rf8 31.Ne5+ Kd6
32.Nc4+ Kd7 33.Bxh7 Nf5 34.Bxf5 exf5 35.Bg3 Rd8 36.Bd6 Re8 37.Bh2 Ke6 38.Ke2
Rd8 39.b3 c5 40.Rh7 Nc6 41.Rc7 Nd4+ 42.Ke3 Rh8 43.Bg3 Rh3 44.Rg7 Kd5 45.Kd2
Nf3+ 46.Kd3 Ne5+ 47.Ke3 b5 48.Nb2 Ke6 49.a4 a6 50.axb5 axb5 51.Nd1 Nd3 52.Nc3
Rxg3+ 53.Rxg3 f4+ 54.Kxd3 fxg3 55.Ke3 g2 56.Kf2 b4 57.Ne4 Kd5 58.Ng3 c4
59.bxc4+ Kxc4 60.Ne4 f5 61.Nd6+ Kd3 62.Kxg2 b3 63.Nb5 Ke3 64.Kh3 $2 f4 $2
65.Kg2 b2 66.Nc3 Kd2 67.Nb1+ Ke2 68.Nc3+ Kd3 69.Nb1 Ke4 70.Kf2 Kd5 { Remis. }
1/2-1/2

[Event "Pokal 2022"]
[Site "Turnierstufe"]
[Date "2022.06.18"]
[Round "Achtelfinale"]
[White "Master Chess"]
[Black "Advanced Travel Chess"]
[Result "1-0"]
[BlackElo "1984"]
[WhiteElo "2130"]

1.d4 c5 { Buchende. } 2.d5 { Buchende. } 2...g6 3.e4 Bg7 4.Nf3 d6 5.Bb5+ Bd7
6.Bxd7+ Nxd7 7.O-O Ngf6 8.Nc3 Rc8 9.Bg5 O-O 10.Nd2 h6 11.Bh4 a6 12.f4 Nh5
13.Qe2 Bd4+ 14.Kh1 Bxc3 15.bxc3 Nhf6 16.c4 Qe8 17.e5 Nh7 18.exd6 exd6 19.Be7
Kh8 20.Rae1 Rg8 21.Qd3 Ne5 22.fxe5 Qxe7 23.exd6 Qf8 24.Re7 f6 25.Nf3 Re8
26.Rfe1 Rxe7 27.dxe7 Qc8 28.d6 Qd7 29.Qxg6 Rxg6 30.e8=Q+ Nf8 31.Qxf8+ Rg8
32.Qxh6+ Qh7 33.Qxf6+ Qg7 34.Qh4+ Qh7 35.d7 Qxh4 36.Nxh4 Kg7 37.Re8 Kf7
38.Rxg8 Kxg8 39.d8=Q+ 1-0

[Event "Pokal 2022"]
[Site "Turnierstufe"]
[Date "2022.06.19"]
[Round "Achtelfinale"]
[White "Explorer Pro"]
[Black "Sapphire II"]
[Result "1/2-1/2"]
[BlackElo "2143"]
[WhiteElo "2036"]

1.e4 c6 2.d4 d5 3.e5 Bf5 4.Ne2 e6 5.Ng3 Bg6 6.h4 { Buchende. } 6...h6
{ Buchende. } 7.c3 Ne7 8.h5 Bh7 9.Bd3 Bxd3 10.Qxd3 c5 11.Be3 Qb6 12.Qd2 Nd7
13.dxc5 Qc6 14.Bd4 Nxc5 15.O-O Nc8 16.f4 Nb6 17.f5 Be7 18.fxe6 Qxe6 19.Qf2
Rc8 20.Nf5 O-O 21.Nd2 Nc4 22.Qg3 Bg5 23.Nxc4 dxc4 24.Nd6 Rc6 25.b4 cxb3
26.axb3 Nxb3 27.Rxa7 Qd5 28.Qf3 Qxf3 29.Rxf3 Be7 30.Nxb7 Bb4 31.Kf2 Nxd4
32.cxd4 Rc2+ 33.Kg1 Rc4 34.Nd6 Rxd4 35.Nxf7 Rh4 36.Rc7 Rxh5 37.Kf2 Ra8 38.Kg3
Ra2 39.Rf1 Kh7 40.Rc8 Re2 41.Kf3 Rb2 42.Kg4 Rh2 43.g3 Rb3 44.Rb8 Kg6 45.Rb6+
Kh7 46.Rf4 Rhb2 47.Rf3 Rxf3 48.Kxf3 Bc3 49.Rxb2 Bxb2 50.Kf4 Kg6 51.Nh8+ Kh7
52.e6 Ba3 53.Nf7 Kg8 54.Ke5 Kf8 55.Nh8 Ke8 56.Ng6 Bb2+ 57.Kd6 Ba3+ 58.Kd5 Kd8
59.g4 Ke8 60.Ke5 Bb2+ 61.Kd6 Ba3+ 62.Kd5 Kd8 63.Kc6 Bb4 64.Nf4 Ba3 65.Kd5 Ke7
66.Ng2 { Remis. } 1/2-1/2

[Event "Pokal 2022 "]
[Site "Turnierstufe"]
[Date "2022.06.20"]
[Round "Achtelfinale"]
[White "Sapphire II"]
[Black "Explorer Pro"]
[Result "1-0"]
[BlackElo "2039"]
[WhiteElo "2140"]

1.d4 Nf6 2.c4 e6 3.Nf3 d5 4.Nc3 Be7 { Buchende. } 5.Bg5 O-O 6.e3 { Buch: }
6...Nbd7 { Erneut Buchende: } 7.Rc1 { Buchende. } 7...Nb6 $2 8.c5 Nbd7 9.Bd3
c6 10.O-O b6 11.Qa4 bxc5 12.Ne5 Bb7 13.Nxc6 Bxc6 14.Qxc6 c4 15.Bc2 Qb8 16.Rb1
Bd6 17.Kh1 Rc8 18.Qa6 h6 19.Bxf6 Nxf6 20.e4 Be7 21.e5 Ne8 22.Qa4 Qb6 23.Rfd1
Rab8 24.f4 Nc7 25.Kg1 Rd8 26.g3 a6 27.Kh1 f6 28.Bg6 fxe5 29.fxe5 Bg5 30.Qc2
Be3 31.b3 Bxd4 32.bxc4 Qc5 33.Rxb8 Rxb8 34.Na4 Qf8 35.Qe2 Bxe5 36.Bc2 Bf6
37.cxd5 exd5 38.Qd3 Qe8 39.Qh7+ Kf8 40.Rf1 d4 41.Bb3 Qc6+ 42.Kg1 Rb5 43.Re1
Re5 44.Rxe5 Bxe5 45.Qg8+ Ke7 46.Qf7+ Kd8 47.Qf8+ Qe8 48.Qb4 Qb5 49.Qf8+ Ne8
50.Nc5 d3 51.Ne6+ Kc8 52.Qe7 Bf6 53.Qa7 d2 54.Qa8+ Kd7 55.Qf3 Qa5 56.Nf8+ Kc7
57.Kg2 Nd6 58.Qf4 Bc3 59.Ne6+ Kd7 60.Qe3 Bf6 61.Nf8+ Kc6 62.Qf3+ Kb6 63.Nd7+
Kc7 64.Nxf6 gxf6 65.Qxf6 Qb4 66.Qe7+ Kc6 67.Qe3 Qe4+ 68.Kf2 Qg4 69.Qd3 Kc7
70.Qd5 a5 71.Qxa5+ Kc8 72.Qd5 Kc7 73.Ke3 Nc4+ 74.Kd3 d1=Q+ 75.Bxd1 Nb2+
76.Kc2 Nxd1 77.Qxd1 Qa4+ 78.Kc1 Qxa2 79.Qh5 ( 79.Qc2+ Qxc2+ 80.Kxc2
{ ist Remis. } ) 79...Qe6 80.Qc5+ Kd7 81.Kd1 Qd6+ 82.Qxd6+ Kxd6 83.Ke2 Ke5
84.h3 Ke4 85.Kf2 Kf5 86.Kf3 Ke5 $4 { Der einzige Remiszug ist 86....h5! }
87.Kg4 Ke4 88.Kh5 { (+8.42) } 1-0

[Event "Pokal 2022"]
[Site "Turnierstufe"]
[Date "2022.06.22"]
[Round "Achtelfinale"]
[White "Sapphire"]
[Black "Genius Pro"]
[Result "0-1"]
[BlackElo "2296"]
[WhiteElo "2050"]

1.c4 e5 2.Nc3 Nf6 3.Nf3 Nc6 4.g3 Bb4 5.Bg2 { Buchende. } 5...Bxc3 6.dxc3 d6
7.O-O O-O { Buchende. } 8.Qa4 Bg4 9.h3 Bd7 10.Qa3 Qc8 11.c5 d5 12.Kh2 Re8
13.Rd1 h6 14.Qb3 Na5 15.Qb4 Nc4 16.Nd2 a5 17.Qb3 Nxd2 18.Bxd2 c6 19.c4 d4
20.Qa4 Qc7 21.Qc2 Be6 22.e3 Qe7 23.exd4 exd4 24.Qb3 Ra7 25.Qa3 Bxc4 26.Bf4
Rd8 27.Bd6 Qe2 28.Rxd4 Bd5 29.Bf4 Re8 30.Rd2 Qh5 31.Rad1 Qf5 32.Bxd5 Nxd5
33.Bd6 Re6 34.Qd3 Qf6 35.Kg1 Ra8 { Jetzt kann der schwarze Turm eingreifen. }
36.Re2 Rae8 37.Rde1 Nb4 { Weiß verliert mindestens einen Bauern. } 38.Qd2
Rxe2 39.Rxe2 Rxe2 40.Qxe2 Nxa2 41.Qe8+ Kh7 42.Qd7 Nc1 43.Qxb7 Qf3 44.Qe7 Nd3
45.g4 Qxf2+ 46.Kh1 Qf3+ 47.Kh2 Nxb2 48.Qe5 Nd3 49.Qd4 Nf2 50.Bc7 g5 51.Kg1
Nxh3+ 52.Kh2 Nf4 53.Qd2 Qh3+ 54.Kg1 Qxg4+ 55.Kh1 Qf3+ 56.Kh2 Ne2 57.Qe1
{ und Aufgabe. } 0-1

[Event "Pokal 2022"]
[Site "Turnierstufe"]
[Date "2022.06.24"]
[Round "Achtelfinale"]
[White "Super VIP"]
[Black "Reflection II 1.7GHz Fidelity V2"]
[Result "0-1"]
[BlackElo "2306"]
[WhiteElo "1784"]

1.e4 e6 2.d4 d5 3.Nd2 Nf6 4.e5 Nfd7 5.Bd3 c5 6.c3 Nc6 7.Ne2 cxd4 8.cxd4 f6
9.exf6 Nxf6 { Buchende. } 10.O-O Bd6 11.Nf3
{ Buchende SVIP. V2 wieder aus dem Buch: } 11...Qc7 12.Nc3 a6 13.Bg5 O-O
{ Buchende. } 14.Bxf6 Rxf6 15.Rc1 Bd7 16.Qc2 Nb4 ( 16...Raf8
{ HIARCS 14 WCSC: -1.94 } 17.Rfd1 Rh6 18.Ne2 Bxh2+ 19.Kf1 Bf4 20.Ra1 )
17.Bxh7+ Kh8 18.Qb3 Rxf3 $1 19.gxf3 Qd8 20.Ne4 dxe4 21.fxe4 Kxh7 22.e5 Bf8
23.f4 Qe8 24.Rc7 Bc6 25.f5 Qd8 26.Rxc6 Qxd4+ 27.Rf2 Nxc6 28.f6 Bc5 29.Qh3+
Kg6 30.Qg3+ Kh5 31.Qh3+ Qh4 32.Qxh4+ Kxh4 33.fxg7 Rg8 0-1

[Event "Pokal 2022"]
[Site "Turnierstufe"]
[Date "2022.06.27"]
[Round "Viertelfinale"]
[White "Risc 2500 2MB"]
[Black "Reflection II 1.7 Fidelity V2"]
[Result "0-1"]
[BlackElo "2308"]
[WhiteElo "2257"]

1.d4 Nf6 2.c4 e6 3.Nc3 Bb4 4.Qc2 O-O 5.a3 Bxc3+ 6.Qxc3 b6 7.Bg5 Bb7 8.e3
{ Buchende. } 8...d6 9.f3 Nbd7 { Buchende. } 10.Nh3 h6 11.Bh4 e5 12.Bd3 exd4
13.exd4 Re8+ 14.Kd2 g5 15.Bf2 g4 16.Ng1 gxf3 17.Nxf3 d5 18.Bh4 dxc4 19.Qxc4
Bd5 20.Qc3 Re6 21.Rhe1 Rc6 22.Qb4 Qc8 23.Bg3 Nh5 24.Ne5 Nxe5 25.Rxe5 Nf6
26.Qa4 Qd8 27.Rae1 a6 28.Bf4 Ng4 29.R5e2 Qf6 30.g3 Bc4 31.h3 Bxd3 32.Re8+ Kh7
33.Rxa8 Bb5 34.Qb4 Rc4 35.Qxc4 Bxc4 36.hxg4 Qxd4+ 37.Kc1 Qc5 38.Kb1 Ba2+
39.Ka1 Be6 40.Be5 f6 41.Bxf6 Qd5 42.Rh8+ Kg6 43.Kb1 Qd3+ 44.Ka1 Qb3 45.Kb1
Qxg3 46.Bc3 Qd3+ 47.Ka1 Qd5 48.Kb1 Bxg4 49.Rf8 Bf5+ 50.Kc1 Qd3 51.Rf6+ Kg5
52.Rg1+ Kf4 53.Bd2+ Ke4 54.Rf8 Qc4+ 55.Kd1 Ke5 56.Bc3+ Kd6 57.Rf6+ Kd7
58.Rg7+ Kc8 59.Rf8+ Kb7 60.Rff7 $2 Qf1+
{ Nun der Rest der Partie in einer Stunde. } 61.Kd2 Qf2+ 62.Kd1 Bg4+ 63.Kc1
Qe3+ 64.Kc2 Qe2+ 65.Bd2 Bf5+ 66.Rxf5 Qe4+ 67.Kd1 Qxf5 68.Bc3 Qe4 69.Kd2 h5
70.Rg3 h4 71.Re3 Qd5+ 72.Ke1 h3 73.Be5 h2 74.Bxh2 Qh1+ 75.Kd2 Qxh2+ 76.Kc3 c5
77.Re7+ Kc6 78.Re6+ Kb5 79.Re3 Qf4 80.Re2 Qf3+ 81.Kd2 c4 82.Ke1 Ka4 83.Re8
{ und Aufgabe. } 83...Qh1+ 84.Kf2 Qh4+ 85.Kg2 Qg5+ 86.Kf2 Qf6+ 87.Ke1 Qxb2
{ usw. } 0-1